| 000 | 00657nam a2200253Ia 4500 | ||
|---|---|---|---|
| 003 | OSt | ||
| 005 | 20221006153953.0 | ||
| 006 | a|||||r|||| 00| 0 | ||
| 007 | ta | ||
| 008 | 221006b |||||||| |||| 00| 0 eng d | ||
| 020 | _a0819568325 | ||
| 024 | _a34,049 | ||
| 037 | _cTextual | ||
| 040 |
_aEASL _cEASL _beng |
||
| 041 |
_2eng _aeng |
||
| 082 | _aO41,1M78x, 111P7 | ||
| 100 |
_aSegalen Victor _9666111 |
||
| 245 | 0 | _aSteles | |
| 260 |
_aMiddletown _bWesleyan univercity press _c2007 |
||
| 300 |
_axxxiv,415p. _ccm. |
||
| 490 | _v CEL | ||
| 942 |
_hO41,1M78x, 111P7 _cTEXL _2CC |
||
| 999 |
_c1102135 _d1102135 |
||